| 000 | 00753 a2200241 4500 | ||
|---|---|---|---|
| 001 | 119242 | ||
| 020 | _a9781489862921 | ||
| 020 | _qenc. | ||
| 041 | _aeng | ||
| 082 | _a[Fic] | ||
| 100 | _aCard, Orson Scott | ||
| 300 | _a380 p. | ||
| 520 | _aYoung Ender Wiggin may prove to be the military genius Earth needs to fight a desperate battle against a deadly alien race that will determine the future of the human race. | ||
| 697 | _aScience fiction | ||
| 697 | _aPerseverance - Fiction. | ||
| 697 | _aMilitary education | ||
| 856 | _u000034/000034a8.jpg | ||
| 040 |
_aBR-BrIDEA _cBR-BrIDEA |
||
| 090 |
_aP Year 8 [Fic] _bCAR |
||
| 245 | 1 | 0 |
_aEnder“s game _cOrson Scott Card |
| 260 |
_aNew York _bTom Doherty Associates _c1991 |
||
| 942 | _cBK | ||
| 999 |
_c119242 _d119242 |
||